000
00302nam a22001217a 4500
999
_c
13575
_d
13575
082
_a
297.122
100
_a
شفق صدیقی
245
_a
شاہراہ جنت
260
_a
ڈنمارک
_b
انجمن فروغ اردو
_c
٢٠١٤
300
_a
412 صفحات
650
_a
Shahrah-e-Jannat
942
_c
BK